Kummer's quartic surface /

Guardado en:
Autor Principal: Hudson, R. W. H. T. 1875-1904.
Formato: Libro
Idioma:English
Publicado: Cambridge ; New York : Cambridge University Press, c1990.
Series:Cambridge mathematical library
Materias:
Etiquetas: Agregar Etiqueta
Sin Etiquetas, Sea el primero en etiquetar este registro!
LEADER 01418cam a2200253 a 4500
001 MAT.inmabb006273
008 911016r19901905enka#####b####001#0#eng##
005 20180814131446.0
245 1 0 |a Kummer's quartic surface /  |c by R.W.H.T. Hudson. 
260 |a Cambridge ;  |a New York :  |b Cambridge University Press,  |c c1990. 
300 |a xxiv, 222 p. :  |b il. ;  |c 23 cm. 
440 0 |a Cambridge mathematical library 
504 |a Incluye referencias bibliográficas e índice. 
505 0 |a I. Kummer's configuration -- II. The quartic surface -- III. The orthogonal matrix of linear forms -- IV. Line geometry -- V. The quartic complex and congruence -- VI. Plücker's complex surface -- VII. Sets of nodes -- VIII. Equations of Kummer's surface -- IX. Special forms of Kummer's surface -- X. The wave surface -- XI. Reality and topology, XII. Geometry of four dimensions -- XIII. Algebraic curves on the surface -- XIV. Curves of different orders -- XV. Weddle's surface -- XVI. Theta functions -- XVII. Applications of Abel's theorem -- XVIII. Singular Kummer surfaces. 
510 4 |a MR,  |c 92e:14033 
020 |a 0521397901 
100 1 |a Hudson, R. W. H. T.  |q (Ronald William Henry Turnbull),  |d 1875-1904. 
650 0 |a Line geometry. 
650 0 |a Kummer surfaces. 
650 0 |a Functions, Theta. 
084 |a 14J28 (14J10)  |2 msc2000 
010 |a  91205933  
040 |a DLC  |c DLC  |d DLC 
859 |h 14  |i H885  |p A-7558  |b BIB. MATEMATICA